000 00836nam a2200181Ia 4500
008 100921s9999 xx 000 0 und d
082 _b38827
_a550 न 01
100 _aपाटील आर.जी.
245 _aनैसर्गिक आपत्ती आणि व्यवस्थापन.
260 _b साई प्रकाशन, पुणे.
_c2001
300 _a253
_bजयेश एजन्सी,पुणे.
365 _b150
520 _aविज्ञान-भौमिक शास्त्रे.
630 _aनैसर्गिक आपत्ती आणि व्यवस्थापन.
650 _aविज्ञान-भौमिक शास्त्रे.
730 _aनैसर्गिक आपत्ती आणि व्यवस्थापन.
942 _cBOOK
999 _c787940
_d787937